10 Biggest Cities In Bangladesh - Statistics

General Stats
  • This quiz has been taken 7 times
  • The average score is 4 of 10
Answer Stats
Population City % Correct
10,356,500 Dhaka
100%
3,920,222 Chittagong
71%
1,342,339 Khulna
57%
343,122 Rangpur City
57%
389,411 Comilla
43%
281,080 Narsingdi
29%
763,580 Rajshahi
29%
369,138 Natore
14%
378,701 Shibganj
14%
337,579 Tongi
14%
No matching quizzes found
Score Distribution
Percent of People with Each Score
Percentile by Number Answered
Your Score History
You have not taken this quiz